| 000 | 00524nam a2200181Ia 4500 | ||
|---|---|---|---|
| 005 | 20260402145904.0 | ||
| 008 | 231207s9999 xx 000 0 und d | ||
| 020 | _a9789057020889 | ||
| 040 | _cPK-LaNCA | ||
| 082 |
_aFTV 891.852 _bPOL |
||
| 100 | _aSegel, Harold B. | ||
| 245 | 0 | _aPolish romantic drama : three plays in English translation | |
| 260 |
_bHarwood Academic Publishers _aThe Netherlands _c1997 |
||
| 300 |
_axv, 283p _bill |
||
| 546 | _aEnglish | ||
| 650 | _aPolish drama--19th century. FTV. | ||
| 942 | _cF&TV | ||
| 999 |
_c19992 _d19992 |
||